00356nam a22000977a 4500008004100000022001400041040005500055245004600110260008600156310001600242230510b |||||||| |||| 00| 0 eng d a0971-913X aNational Science LibrarycNational Science Library aJournal of endocrinology and reproduction aChennai: bSociety for Reproductive Biology and Comparative Endocrinology, c1998 aHalf-yearly